ՀՀ Գիտությունների ազգային ակադեմիայի հիմնարար գիտական գրադարան  =   Fundamental Scientific Library of NAS RA
Normal view MARC view

Entry Personal Name

Number of records used in: 2

001 - CONTROL NUMBER

  • control field: 3657

003 - CONTROL NUMBER IDENTIFIER

  • control field: AM-YEHGA

005 - DATE AND TIME OF LATEST TRANSACTION

  • control field: 20250617070446.0

008 - FIXED-LENGTH DATA ELEMENTS

  • fixed length control field: 081125 a|ac|n|aab||||||||||||a |n|||||||

040 ## - CATALOGING SOURCE

  • Original cataloging agency: AM-YEHGA

100 1# - HEADING--PERSONAL NAME

  • Personal name: Ռոտինյան, Լևոն Ալեքսանդրի,
  • Dates associated with a name: 1879-1964

400 1# - SEE FROM TRACING--PERSONAL NAME

  • Personal name: Ռոտինյան, Լևոն,
  • Dates associated with a name: 1879-1964

400 1# - SEE FROM TRACING--PERSONAL NAME

  • Personal name: Ռոտինյան, Լ.
  • Fuller form of name: (Լևոն),
  • Dates associated with a name: 1879-1964

400 1# - SEE FROM TRACING--PERSONAL NAME

  • Personal name: Ротинян, Левон Александрович,
  • Dates associated with a name: 1879-1964

400 1# - SEE FROM TRACING--PERSONAL NAME

  • Personal name: Rotinyan, Levon Alexandri,
  • Dates associated with a name: 1879-1964

670 ## - SOURCE DATA FOUND

  • Source citation: Ով ով է հայեր. կենսագրական հանրագիտարան, 2005 :
  • Information found: Ռոտինյան Լևոն Ալեքսանդրի (22.5.1879, Թիֆլիս - 30.12.1964, Երևան), ֆիզքիմիկոս: Քիմ. գիտ. դ-ր (1955), պրոֆ. (1925): ՀԽՍՀ գիտ. և տեխ. վաստ. գործիչ:

670 ## - SOURCE DATA FOUND

  • Source citation: Քիմիական անալիզ : Դասագիրք միջնակարգ դպրոցի 10-րդ դասարանի համար, 1936 :
  • Information found: տիտղթ. (խմբ.՝ Լևոն Ռոտինյան)

670 ## - SOURCE DATA FOUND

  • Source citation: Որակական անալիզի ձեռնարկ :Բարձրագույն ուսումնական հիմնարկների համար, 1934 :
  • Information found: տիտղթ. (Լ. Ռոտինյան)


ՀՀ ԳԱԱ հիմնարար գիտական գրադարան
ՀՀ,Երևան 0019
Մարշալ Բաղրամյան 24/6
հեռախոս:(374-10) 52-47-50
Հետադարձ կապ

All site content, except where otherwise noted, is licensed under a
Creative Commons License